000 00354nam a22001697a 4500
005 20251003152727.0
020 _a978-93-6958-592-2
041 _aEnglish
082 _a001 R25 AGG
100 _aAggarwal Ashish
245 _aMaths Xpert
250 _a1
260 _aNew Delhi
_bS.Chand
_c2025
300 _a380
365 _b425.00
942 _cBK
999 _c176300
_d176300